| 000 | 01184naa a22003257a 4500 | ||
|---|---|---|---|
| 001 | BR8500713 | ||
| 003 | BR-BrBNA | ||
| 005 | 20240918175510.0 | ||
| 007 | ta | ||
| 008 | 230509b bl.||||| |||| 00| 0 por d | ||
| 040 |
_aBR-BrBNA _bpor _cBiblioteca Nacional de Agricultura |
||
| 041 | _a(Pt) | ||
| 072 | _aF25; F22 | ||
| 090 | _aF25 BR8500713 | ||
| 100 | 1 | _aKiehl, E.J. | |
| 111 | 1 |
_aSimposio sobre Fertilizantes Organicos _cSao Paulo, SP (Brazil) _d9-10 May 1984 |
|
| 245 | 1 | _aEfeitos da materia organica sobre as propriedades do solo | |
| 246 | 1 | _a[Effects of organic matter on soil properties] | |
| 246 | 1 | _a[Proceedings of the Symposium in Organic Fertilizers] | |
| 260 | 3 |
_aSao Paulo, SP (Brasil): _c1984. |
|
| 500 | _aAnais do Simposio sobre Fertilizantes Organicos Sao Paulo, SP (Brasil): 1984. p. 4-18 (BR8500713-AM)F25 | ||
| 650 | _aMATERIA ORGANICA | ||
| 650 | _aSOLO | ||
| 650 | _aPROPRIEDADE FISICA | ||
| 650 | _aPROPRIEDADE QUIMICA | ||
| 650 | _aFERTILIDADE DO SOLO | ||
| 773 | 0 |
_tAnais do Simposio sobre Fertilizantes Organicos _wF25 BR8500713 _gSao Paulo, SP (Brasil), 1984. p. 4-18 |
|
| 909 |
_a202404 _bLucia _c55 _dLucia Elande |
||
| 942 |
_cAM _2AGRIS |
||
| 999 |
_c317015 _d317015 |
||